Reserva Natural La Planada / (Registro nro. 600)

Detalles MARC
000 -CABECERA
Campo de control 00669cam a2200205 i 4500
005 - FECHA Y HORA DE LA ULTIMA TRANSACCION
Campo de control 20200104041512.0
008 - ELEMENTOS DE LONGITUD FIJA—INFORMACION GENERAL
Campo de control 990118s1997 ck co 1 spa d
015 ## - NATIONAL BIBLIOGRAPHY NUMBER
National bibliography number SSS
040 ## - FUENTE DE CATALOGACIÓN
Agencia catalogadora original CO-BoPUJ
Agencia transcriptora CO-BoIAVH
Agencia Modificadora CO-BoIAVH
041 0# - IDIOMA
Código de idioma para texto/pista de sonido o título separado Español
082 04 - NUMERO DE CLASIFICACION DECIMAL DEWEY
Número de clasificación 333.782
Número del ítem C11r
100 1# - ASIENTO PRINCIPAL--NOMBRE PERSONAL
Nombre personal Cabrera Galvis, Mauricio
9 (RLIN) 54444
245 10 - MENCION DE TITULO
Título Reserva Natural La Planada /
Mención de responsabilidad textos de Mauricio Cabrera Galvis.
260 ## - PUBLICACION, DISTRIBUCION, ETC. (PIE DE IMPRENTA)
Lugar de publicación, distribución, etc. Cali :
Nombre del editor, distribuidor, etc. Fundación para la Educación Superior
Fecha de publicación, distribución, etc. 1997
300 ## - DESCRIPCION FISICA
Extensión 134 páginas ,
Dimensiones 30 cm.
650 14 - ASIENTO SECUNDARIO DE MATERIA - TERMINO TEMATICO
Término temático o nombre geográfico como elemento de entrada Áreas de conservación de recursos naturales
9 (RLIN) 54448
650 24 - ASIENTO SECUNDARIO DE MATERIA - TERMINO TEMATICO
Término temático o nombre geográfico como elemento de entrada Parque naturales
9 (RLIN) 54446
650 24 - ASIENTO SECUNDARIO DE MATERIA - TERMINO TEMATICO
Término temático o nombre geográfico como elemento de entrada Desarrollo sostenible
9 (RLIN) 278
942 ## - ELEMENTOS ADICIONALES (KOHA)
Sistema de clasificación Dewey Decimal Classification
Tipo de ítem Libro
Koha issues (borrowed), all copies 2
Existencias
Withdrawn status Lost status Sistema de Clasificación Damaged status No para préstamo Colección Inventariado Ubicación Permanente Ubicación actual Fecha de adquisición Fuente de Valor Valor Total Checkouts Número topográfico Inventario / Código de Barras Date last seen Date checked out Ejemplar Price effective from Forma de adquisición Tipo de material
    Dewey Decimal Classification     General Inventariado 2017 Bogotá Bogotá 19/02/1998 Instituto 39000.00 2 LB-333.782 C11r 003552 10/08/2017 10/08/2017 Ej. 1 04/12/2012   Libro